| 000 | 00459nam a22001937a 4500 | ||
|---|---|---|---|
| 003 | MPLRDC | ||
| 005 | 20220104143412.0 | ||
| 008 | 210129b ||||| |||| 00| 0 eng d | ||
| 020 | _a957-33-1666-8 | ||
| 082 | _a848.2 Laa-12 | ||
| 100 | _a李昂著 | ||
| 245 |
_a禁色的暗夜 _c |
||
| 250 | _a再版 | ||
| 260 |
_a _b皇冠文化出版有限公司 _c1999 |
||
| 300 | _b平 | ||
| 490 | _aJOY;1 | ||
| 650 | _a现代别集 | ||
| 942 |
_cBK _o848.2 Laa-12 |
||
| 999 |
_c39546 _d39536 |
||